Los jóvenes pensamos que somos historia, porque sabemos que somos historia /

Guardado en:
Bibliografiske detaljer
Hovedforfatter: Alonso, Olga
Format: Ukendt
Sprog:Spanish
Udgivet: Cuba : Departamento de Orientación Revolucionaria de Comité Central del Partido Comunista, 1973.
Fag:
Tags: Tilføj Tag
Ingen Tags, Vær først til at tagge denne postø!

MARC

LEADER 000000000a22000000004500
001 002603
041 0 |a spa 
082 0 4 |a Cu865.44   |b A426j 
100 1 |a Alonso, Olga 
245 1 4 |a Los jóvenes pensamos que somos historia, porque sabemos que somos historia /   |c Olga Alonso. 
260 1 |a Cuba :   |b Departamento de Orientación Revolucionaria de Comité Central del Partido Comunista,   |c 1973. 
300 |a 213 páginas 
650 4 |a LITERATURA CUBANA 
650 4 |a NOVELA TESTIMONIAL 
650 4 |a LITERATURA TESTIMONIAL 
650 4 |a ENSAYOS 
999 |c 8982  |d 8982 
942 |c BK  |h Cu865.44 A426j  |2 z